Normal view
MARC view
- Moorhouse, Geoffrey,
Entry Personal Name
001 - CONTROL NUMBER
- control field: 85839
003 - CONTROL NUMBER IDENTIFIER
- control field: NUST
005 - DATE AND TIME OF LATEST TRANSACTION
- control field: 20211206195553.0
008 - FIXED-LENGTH DATA ELEMENTS
- fixed length control field: 211206|| aca||aabn | a|a d
040 ## - CATALOGING SOURCE
- Original cataloging agency: NUST
- Transcribing agency: NUST
100 ## - HEADING--PERSONAL NAME
- Personal name: Moorhouse, Geoffrey,
- Dates associated with a name: 1931-2009
- General subdivision: Travel
- Geographic subdivision: Pakistan
670 ## - SOURCE DATA FOUND
- Source citation: Work cat.: (NUST)0: Moorhouse, Geoffrey, 1931-2009. 85838, To the frontier /, 1998.
